000 00708nam a2200253 a 4500
001 53445
003 BD-RjUL
005 20211209075949.0
008 161015r20031999ii c 001 0 eng d
020 _a8171414516
035 _a(BD-RjUL)53565
040 _aBD-RjUL
_beng
_cBD-RjUL
_dBD-RjUL
041 _aeng
082 _223
_a796.334
_bDUF 2003
100 1 _aDubey, H.C
_9159344
245 1 0 _aFootball /
_cby Dubey H.C
260 _aNew Deldi :
_bDiscovery publishing house,
_c1999[Reprinted 2003]
300 _a282 p. :
_c24 cm.
490 _aDph Sports series
504 _aIncludes index
650 0 _aSoccer
_xHistory
_bfootball
_9159758
830 _aDph Sports series
_9159346
942 _2ddc
_cBK
999 _c53445
_d53445